| 000 | 00827nam a2200241Ia 4500 | ||
|---|---|---|---|
| 003 | OSt | ||
| 005 | 20221005110640.0 | ||
| 006 | a|||||r|||| 00| 0 | ||
| 007 | ta | ||
| 008 | 221004b |||||||| |||| 00| 0 hin d | ||
| 024 | _a29851 | ||
| 037 | _cTextual | ||
| 040 |
_aCRL _cCRL _bhin |
||
| 041 |
_2hin _ahin |
||
| 082 | _aR6:g, 152P9 | ||
| 100 | _aहिरियन्ना, एम. | ||
| 245 | 0 | _aभारतीय दर्शन की रुपरेखा | |
| 246 | _aBhāratīya darshan kī ruparekhā | ||
| 260 |
_aनई दिल्ली _bराजकमल प्रकाशन प्राइवेट लिमिटेड भारत _c1965 |
||
| 300 |
_a429पृ. _ccm. |
||
| 942 |
_hR6:g, 152P9 _cTEXL _2cc |
||
| 999 |
_c1019466 _d1019466 |
||